000 00541nam a22001697a 4500
005 20241003095833.0
008 240717b |||||||| |||| 00| 0 eng d
020 _a9789355066961
080 _a89M.09
_bPRE/H
100 _aPreethika. N., ed.
100 _aJishna Radhav, ed.
245 _aHindi sahithya(हिंदी साहित्य)
_b:samajik sarokar(सामाजिक सरोकार)
260 _aBengaluru
_bHSRA Publications
_c2024
300 _avii,193p.
653 _aCriticism - Hindi Literature
942 _cOO
999 _c113807
_d113806